00904nam a2200253 a 450000100060000000300080000600500170001400800410003102000150007203500190008704000350010604100080014108200300014910000320017924500760021126000460028730000210033350400260035465000440038065000550042494200120047999900170049195201420050858981BD-RjUL20211209080700.0161220s1987 ilu b 000 0ceng  a0917253752 a(BD-RjUL)59105 cBD-RjULdBD-RjULbengaBD-RjUL aeng00223a338 .040973bMAR 19871 aMacPhee, William A.917539810aRare breed :bthe entrepreneur, an American culture /cWilliam MacPhee. aChicago, Ill. :bProbus Pub. Co.,cc1987. a227 p. ;c24 cm. aBibliography: p. 227. 0aEntrepreneurshipzUnited States9175399 0aBusinesspeoplezUnited States.xBiography.9175400 2ddccBK c58981d58981 00102ddc40718NFICaRUCLbRUCLcReadingd1991-05-26eAsia foundationl0o338.040973 MAR 1987r2016-12-20 00:00:00tC-1w2021-12-09yBK